Vliv vstupu České republiky do Evropské unie na životní úroveň obyvatelstva
Otázky nejasnosti dopadu vstupu Českej republiky do Európskej únie na životnú úroveň obyvateľstva. Pokus o načrtnutie základných determinantov všeobecného vývoja životnej úrovne pri vstupe a v prvých rokoch členstva v EÚ. Medzinárodné porovnanie vývoja zamestnanosti v jednotlivých sektoroch. Scénar...
Salvato in:
| Autore principale: | |
|---|---|
| Altri autori: | , |
| Natura: | Capitolo di libro |
| Lingua: | ceco |
| Soggetti: | |
| Tags: |
Nessun Tag, puoi essere il primo ad aggiungerne!!
|
MARC
| LEADER | 00000naa a2200000 4500 | ||
|---|---|---|---|
| 001 | r048074 | ||
| 005 | 20231004105527.8 | ||
| 041 | 0 | |a cze | |
| 044 | |a CZ | ||
| 245 | 1 | 0 | |a Vliv vstupu České republiky do Evropské unie na životní úroveň obyvatelstva |c Jiří Česal, Bohdana Holá, Dalibor Holý |
| 520 | |a Otázky nejasnosti dopadu vstupu Českej republiky do Európskej únie na životnú úroveň obyvateľstva. Pokus o načrtnutie základných determinantov všeobecného vývoja životnej úrovne pri vstupe a v prvých rokoch členstva v EÚ. Medzinárodné porovnanie vývoja zamestnanosti v jednotlivých sektoroch. Scénar vývoja priemernej mzdy do roku 2008. Vývoj indexu spotrebiteľských cien. | ||
| 610 | 2 | 0 | |a spolupráca hospodárska medzinárodná |
| 610 | 2 | 0 | |a Európska únia |
| 610 | 2 | 0 | |a Česko |
| 610 | 2 | 0 | |a porovnanie medzinárodné |
| 610 | 2 | 0 | |a zamestnanosť |
| 610 | 2 | 0 | |a mzdy |
| 610 | 2 | 0 | |a úroveň životná |
| 100 | 1 | |a Česal, Jiří | |
| 700 | 1 | |a Holá, Bohdana | |
| 700 | 1 | |a Holý, Dalibor | |